Statistics for Top 15 Countries with Covid-19 Cases - 29 Mar 2021

Click here to take the quiz!

General Stats

  • This quiz has been taken 15 times
  • The average score is 16 of 27

Answer Stats

country% Correct
France
100%
United States
100%
Germany
93%
Mexico
93%
United Kingdom
93%
India
87%
Italy
87%
Brazil
80%
Russia
80%
Spain
80%
Argentina
67%
Belgium
67%
Netherlands
67%
Poland
67%
Turkey
67%
Sweden
60%
Iran
53%
Portugal
47%
Colombia
40%
Slovenia
33%
Israel
27%
Lithuania
27%
Czechia
20%
Estonia
20%
Georgia
20%
Panama
20%
Bahrain
13%

Score Distribution

Percentile by Number Answered

Percent of People with Each Score

Your Score History

You have not taken this quiz